北京外国语大学开设外语语种 - Statistics

General Stats
  • This quiz has been taken 35 times
  • The average score is 58 of 98
Answer Stats
地区 语言 % Correct
欧洲 英语
100%
欧洲 德语
100%
亚洲 日语
100%
亚洲 朝鲜语
100%
欧洲 俄语
97%
欧洲 法语
97%
欧洲 西班牙语
97%
欧洲 芬兰语
97%
欧洲 挪威语
97%
亚洲 阿拉伯语
97%
欧洲 葡萄牙语
94%
欧洲 乌克兰语
94%
欧洲 希腊语
94%
欧洲 波兰语
91%
欧洲 瑞典语
91%
欧洲 匈牙利语
91%
欧洲 荷兰语
91%
欧洲 丹麦语
91%
亚洲 老挝语
91%
亚洲 缅甸语
91%
亚洲 越南语
91%
亚洲 泰语
91%
亚洲 哈萨克语
91%
欧洲 保加利亚语
89%
欧洲 意大利语
89%
欧洲 克罗地亚语
89%
亚洲 马来语
89%
亚洲 土耳其语
89%
欧洲 捷克语
86%
欧洲 罗马尼亚语
86%
欧洲 塞尔维亚语
86%
欧洲 立陶宛语
86%
亚洲 印尼语
86%
亚洲 印地语
86%
亚洲 吉尔吉斯语
86%
亚洲 普什图语
86%
欧洲 斯洛伐克语
83%
亚洲 塔吉克语
83%
亚洲 柬埔寨语
80%
亚洲 菲律宾语
80%
欧洲 爱沙尼亚语
77%
欧洲 拉脱维亚语
77%
欧洲 爱尔兰语
77%
亚洲 乌兹别克语
77%
亚洲 蒙古语
77%
亚洲 阿塞拜疆语
77%
亚洲 亚美尼亚语
74%
欧洲 冰岛语
71%
欧洲 斯洛文尼亚语
71%
欧洲 白俄罗斯语
71%
亚洲 土库曼语
71%
亚洲 格鲁吉亚语
69%
欧洲 阿尔巴尼亚语
66%
亚洲 波斯语
66%
亚洲 尼泊尔语
66%
欧洲 马其顿语
63%
亚洲 孟加拉语
63%
亚洲 希伯来语
57%
亚洲 梵语
57%
欧洲 马耳他语
54%
非洲 阿非利卡语
51%
欧洲 拉丁语
46%
亚洲 泰米尔语
46%
亚洲 乌尔都语
43%
亚洲 迪维希语
43%
非洲 斯瓦西里语
40%
非洲 索马里语
40%
非洲 马达加斯加语
40%
其他 毛利语
37%
其他 库克群岛毛利语
37%
欧洲 卢森堡语
31%
非洲 豪萨语
29%
非洲 祖鲁语
29%
欧洲 加泰罗尼亚语
26%
亚洲 僧伽罗语
20%
亚洲 库尔德语
20%
非洲 阿姆哈拉语
20%
其他 克里奥尔语
20%
非洲 切瓦语
17%
其他 汤加语
17%
非洲 卢旺达语
11%
其他 萨摩亚语
11%
其他 斐济语
11%
亚洲 巴利语
9%
非洲 约鲁巴语
9%
非洲 茨瓦纳语
9%
其他 纽埃语
9%
非洲 科摩罗语
6%
亚洲 达里语
3%
亚洲 德顿语
3%
非洲 恩得贝莱语
3%
非洲 绍纳语
3%
非洲 提格雷尼亚语
3%
非洲 隆迪语
3%
非洲 塞苏陀语
3%
非洲 桑戈语
3%
其他 比斯拉马语
3%
其他 皮金语
3%
No matching quizzes found
Score Distribution
Percent of People with Each Score
Percentile by Number Answered
Your Score History
You have not taken this quiz